[Event "TUR-ch Seniors 50"]
[Site "Ankara"]
[Date "2023.05.24"]
[Round "6"]
[White "Soku, Mustafa Attila"]
[Black "Nemutlu, Arif Murat"]
[Result "1-0"]
[WhiteElo "1395"]
[BlackElo "1233"]
[PlyCount "95"]
[EventDate "2023.05.19"]
[EventType "swiss"]
[EventRounds "9"]
[EventCountry "TUR"]
[SourceTitle "CBM 214 Extra"]
[Source "ChessBase"]
[SourceDate "2023.07.31"]
[SourceVersion "1"]
[SourceVersionDate "2023.07.31"]
[SourceQuality "1"]

1. d4 d5 2. c4 e6 3. Nc3 Nf6 4. cxd5 exd5 5. Bg5 Be7 6. e3 h6 7. Bh4 0-0 8. Bd3 Nbd7 9. Nge2 b6 10. Qc2 Bb7 11. f3 c5 12. 0-0 Re8 13. Rae1 Rc8 14. Qa4 cxd4 15. exd4 Ra8 16. Nf4 g5 17. Ne6 fxe6 18. Rxe6 gxh4 19. Bg6 Nc5 20. Bh7+ Nxh7 21. Rg6+ Kh8 22. dxc5 Bxc5+ 23. Kh1 Bf8 24. Qd4+ Nf6 25. Rxf6 Bg7 26. Rxh6+ Kg8 27. Rg6 Re7 28. Qxh4 Qe8 29. Rg5 d4 30. Nb5 d3 31. Qc4+ Qf7 32. Qxd3 Rd7 33. Qa3 Qc4 34. Re1 Rd3 35. Qe7 Qf7 36. h4 Rxf3 37. gxf3 Qxf3+ 38. Kg1 Qh1+ 39. Kf2 Rf8+ 40. Ke2 Qf3+ 41. Kd2 Qf4+ 42. Kc2 Rc8+ 43. Nc3 Qa4+ 44. Kb1 Qd4 45. Qxg7+ Qxg7 46. Rxg7+ Kxg7 47. Re7+ Kf6 48. Rxb7 1-0

[Event "Ankara Ipek Memorial 8th"]
[Site "Ankara"]
[Date "2020.03.05"]
[Round "2"]
[White "Ozalp, Burak"]
[Black "Soku, Mustafa Attila"]
[Result "1-0"]
[WhiteElo "1967"]
[BlackElo "1506"]
[PlyCount "47"]
[EventDate "2020.03.04"]
[EventType "swiss"]
[EventRounds "7"]
[EventCountry "TUR"]
[SourceTitle "CBM 195 Extra"]
[Source "ChessBase"]
[SourceDate "2020.05.31"]
[SourceVersion "1"]
[SourceVersionDate "2020.05.31"]
[SourceQuality "1"]

1. e4 g6 2. d4 Bg7 3. Nc3 d6 4. Bg5 a6 5. Nf3 Nd7 6. a4 b6 7. Bc4 h6 8. Bh4 g5 9. Bxg5 hxg5 10. Bxf7+ Kf8 11. Nxg5 Ndf6 12. e5 dxe5 13. dxe5 Qxd1+ 14. Rxd1 Bb7 15. Bg6 Nh6 16. exf6 Bxf6 17. Ne6+ Kg8 18. 0-0 Ng4 19. h3 Be5 20. f4 Bxc3 21. hxg4 Bxb2 22. Rd7 Ba3 23. Rfd1 Bd6 24. R1xd6 1-0

[Event "Ankara Baskent Univ op-B 3rd"]
[Site "Ankara"]
[Date "2018.08.28"]
[Round "2"]
[White "Soku, Mustafa Attila"]
[Black "Aliyev, Tamer"]
[Result "1-0"]
[WhiteElo "1431"]
[BlackElo "1482"]
[PlyCount "121"]
[EventDate "2018.08.27"]
[EventType "swiss"]
[EventRounds "9"]
[EventCountry "TUR"]
[SourceTitle "EXT 2021"]
[Source "ChessBase"]
[SourceDate "2020.10.23"]
[SourceVersion "1"]
[SourceVersionDate "2020.10.23"]
[SourceQuality "1"]

1. d4 Nf6 2. c4 e5 3. dxe5 Ng4 4. Nf3 Nc6 5. a3 Ngxe5 6. Nxe5 Nxe5 7. e4 a5 8. Be3 d6 9. f3 Be7 10. Nc3 0-0 11. Be2 Be6 12. Nd5 f5 13. f4 Ng6 14. Qd3 Kh8 15. Nxe7 Qxe7 16. 0-0 Bd7 17. Rae1 Rae8 18. Qc3 b6 19. Bh5 Qf7 20. exf5 Bxf5 21. g4 Qd7 22. gxf5 Qxf5 23. Bxg6 Qxg6+ 24. Kf2 Qh5 25. Re2 Rxf4+ 26. Ke1 Qh4+ 27. Rff2 Rxc4 28. Qd3 Rce4 29. Kd2 h6 30. Rf7 Qg4 31. Ref2 Kg8 32. Qb3 Kh8 33. Rf8+ Rxf8 34. Rxf8+ Kh7 35. Qd3 Qg2+ 36. Kc3 Qg6 37. Rf4 Rxf4 38. Qxg6+ Kxg6 39. Bxf4 Kf5 40. Bg3 Ke6 41. Kc4 c6 42. b4 b5+ 43. Kd4 axb4 44. axb4 g5 45. Ke4 c5 46. bxc5 dxc5 47. Bf2 c4 48. Be1 Kf6 49. Bc3+ Kg6 50. Kd5 Kf5 51. Kc5 h5 52. Kxb5 h4 53. Kxc4 Ke4 54. Bb4 g4 55. Bd6 Kf3 56. Kd3 h3 57. Bg3 Kg2 58. Ke4 Kg1 59. Kf4 Kf1 60. Kxg4 Kg2 61. Bd6 1-0